Programa d'activitats i serveis /
MARC
| LEADER | 00000nam a2200000Ia 4500 | ||
|---|---|---|---|
| 001 | 10781 | ||
| 003 | Arxiu | ||
| 005 | 20260324175552.0 | ||
| 008 | 160829m19951999cataxx s cat c | ||
| 040 | |a AGDB | ||
| 080 | |a FU-12-7 | ||
| 080 | |a FU-31-102 | ||
| 080 | |a FU-31-103 | ||
| 080 | |a FU-31-104 | ||
| 080 | |a FU-31-105 | ||
| 080 | |a FU-31-106 | ||
| 110 | 2 | |a Centre d'Investigació, Formació i Assessorament |9 53068 | |
| 245 | 1 | 0 | |a Programa d'activitats i serveis / |c CIFA. Centre d'Investigació, Formació i Assessorament |
| 260 | |a Barcelona : |b Diputació de Barcelona. Patronat Flor de Maig, |b Cerdanyola del Vallès : CIFA, |c 1994-1999 | ||
| 300 | |a 6 volums : |b il·lustracions ; |c 24 cm | ||
| 310 | |a Anual | ||
| 610 | 2 | 0 | |a Centre d'Investigació, Formació i Assessorament |9 53068 |
| 610 | 2 | 0 | |a Centre d'Investigació, Formació i Assessorament |x Activitats culturals |9 56086 |
| 610 | 2 | 0 | |a Centre d'Investigació, Formació i Assessorament |v Currículums |9 55880 |
| 710 | |9 4512 |a Patronat Flor de Maig |e entitat editora | ||
| 866 | |a 1994 | ||
| 866 | |a 1995 | ||
| 866 | |a 1996 | ||
| 866 | |a 1997 | ||
| 866 | |a 1998 | ||
| 866 | |a 1999 | ||
| 901 | |a Arxiu | ||
| 942 | |n 1 |2 udc |c ARXIU | ||
| 952 | |0 0 |1 0 |4 0 |7 1 |9 42320 |a Arxiu |b Arxiu |d 2016-12-01 |h 1995 |o FU-12-7 |p 10781 |r 2016-12-01 00:00:00 |w 2016-12-01 |y ARXIU | ||
| 952 | |0 0 |1 0 |4 0 |7 1 |9 48707 |a Arxiu |b Arxiu |d 2016-12-01 |h 1994 |o FU-31-102 |p 14906 |r 2016-12-01 00:00:00 |w 2016-12-01 |y ARXIU | ||
| 952 | |0 0 |1 0 |4 0 |7 1 |9 48708 |a Arxiu |b Arxiu |d 2016-12-01 |h 1996 |o FU-31-103 |p 14907 |r 2016-12-01 00:00:00 |w 2016-12-01 |y ARXIU | ||
| 952 | |0 0 |1 0 |4 0 |7 1 |9 48709 |a Arxiu |b Arxiu |d 2016-12-01 |h 1997 |o FU-31-104 |p 14908 |r 2016-12-01 00:00:00 |w 2016-12-01 |y ARXIU | ||
| 952 | |0 0 |1 0 |4 0 |7 1 |9 48710 |a Arxiu |b Arxiu |d 2016-12-01 |h 1998 |o FU-31-105 |p 14909 |r 2016-12-01 00:00:00 |w 2016-12-01 |y ARXIU | ||
| 952 | |0 0 |1 0 |4 0 |7 1 |9 48711 |a Arxiu |b Arxiu |d 2016-12-01 |h 1999 |o FU-31-106 |p 14910 |r 2016-12-01 00:00:00 |w 2016-12-01 |y ARXIU | ||
| 999 | |c 44798 |d 44798 | ||